000 01275nam a2200313 a 4500
001 ebr10695235
003 CaPaEBR
006 m u
007 cr cn|||||||||
008 130516s2012 ilua sb 000 0 eng d
020 _z9780838958599
020 _z9780838994290 (e-book)
040 _aCaPaEBR
_cCaPaEBR
035 _a(OCoLC)820484415
050 1 4 _aZA4240
_b.C69 2012eb
100 1 _aCoyle, Karen.
245 1 0 _aLinked data tools
_h[electronic resource] :
_bconnecting on the web /
_cKaren Coyle.
260 _aChicago :
_bALA TechSource,
_c2012.
300 _a46 p. :
_bill. (some col.).
490 1 _aLibrary technology reports : expert guides to library systems and services,
_x0024-2586 ;
_vv. 48, no. 4
504 _aIncludes bibliographical references.
533 _aElectronic reproduction.
_bPalo Alto, Calif. :
_cebrary,
_d2013.
_nAvailable via World Wide Web.
_nAccess may be limited to ebrary affiliated libraries.
650 0 _aSemantic Web.
650 0 _aOnline library catalogs.
655 7 _aElectronic books.
_2local
710 2 _aebrary, Inc.
830 0 _aLibrary technology reports ;
_vv. 48, no. 4.
856 4 0 _uhttp://site.ebrary.com/lib/rucke/Doc?id=10695235
_zAn electronic book accessible through the World Wide Web; click to view
999 _c9044
_d9044